Advanced human behavior organization with ethics / Marmelo V. Abante [and ten others]. (Record no. 21319)
| 000 -LEADER | |
|---|---|
| fixed length control field | 00545nam a22001577a 4500 |
| 020 ## - INTERNATIONAL STANDARD BOOK NUMBER | |
| ISBN | 9786214271924 |
| 082 ## - DEWEY DECIMAL CLASSIFICATION NUMBER | |
| Classification number | 302.35 |
| Item number | Ab117 2024 |
| 100 ## - MAIN ENTRY--AUTHOR NAME | |
| Personal name | Abante, Marmelo V., author. |
| 245 ## - TITLE STATEMENT | |
| Title | Advanced human behavior organization with ethics / Marmelo V. Abante [and ten others]. |
| 260 ## - PUBLICATION, DISTRIBUTION, ETC. (IMPRINT) | |
| Place of publication | Manila : |
| Name of publisher | Unlimited Books Library Services & Publishing Inc., |
| Year of publication | ©2024. |
| 300 ## - PHYSICAL DESCRIPTION | |
| Number of Pages | vi, 246 pages ; |
| Other physical details | 26 cm |
| 500 ## - GENERAL NOTE | |
| General note | Includes bibliographical references. |
| 650 ## - SUBJECT ADDED ENTRY--TOPICAL TERM | |
| Topical Term | Organizational behavior. |
| 650 ## - SUBJECT ADDED ENTRY--TOPICAL TERM | |
| Topical Term | Industrial psychology. |
| 942 ## - ADDED ENTRY ELEMENTS (KOHA) | |
| Koha item type | Books |
| Source of acquisition | Permanent Location | Date acquired | Koha item type | Collection code | Accession Number | Lost status | Shelving location | Withdrawn status | Current Location | Full call number |
|---|---|---|---|---|---|---|---|---|---|---|
| School | Cagayan State University - Carig Library | 2025-08-29 | Books | Social Sciences | 011111 | General Collection | Cagayan State University - Carig Library | 302.35 Ab117 2024 | ||
| School | Cagayan State University - Carig Library | 2025-08-29 | Books | Social Sciences | 011112 | General Collection | Cagayan State University - Carig Library | 302.35 Ab117 2024 | ||
| School | Cagayan State University - Carig Library | 2025-08-29 | Books | Social Sciences | 011113 | General Collection | Cagayan State University - Carig Library | 302.35 Ab117 2024 |